| 000 | 00865nam a22002297a 4500 | ||
|---|---|---|---|
| 005 | 20240530110615.0 | ||
| 008 | 161128s2015 ua g b 000 0 ara d | ||
| 017 |
_a2015/15046 _bمصر. دار الكتب |
||
| 020 | _a9789777220569 | ||
| 040 |
_aEG-CaGPL _cEG-CaGPL |
||
| 082 | 0 | 4 |
_221 _a658.409\ _bأ ق |
| 100 | 0 | _aمنال احمد البارودى . | |
| 245 | 1 | 2 |
_aالقائد المتميز و اسرار الابداع القيادى / _cمنال احمد البارودى . |
| 250 | _aط.1 | ||
| 260 |
_aالقاهرة : _bالمجموعة العربية للتدريب و النشر ، _c2015 . |
||
| 300 |
_a190 ص ؛ _c24 سم . |
||
| 504 | _aببليوجرافية : ص 185 - 190 | ||
| 650 | 0 | 7 |
_2qrmak _aادارة الافراد . |
| 650 | 0 | 7 |
_2qrmak _aالاداريون . |
| 942 |
_2ddc _cBK |
||
| 999 |
_c62939 _d62939 |
||